| 000 | 00857nam a2200241 a 4500 | ||
|---|---|---|---|
| 001 | 000002011 | ||
| 005 | 20260114124842.0 | ||
| 008 | 090630s2008 dr 000 0 spa d | ||
| 020 | _a9789945001303 | ||
| 040 |
_aDO-SdBNP _bspa _cBNPHU |
||
| 082 |
_a248.34 _bP949r |
||
| 100 | 1 |
_aPrieto Caldentey, Miguel Esteban, _d1941- _96504 |
|
| 245 | 1 | 0 |
_aReflexiones de ida ... y a veces de vuelta / _cMiguel Esteban Prieto Caldentey ; prólogo Mons. José Francisco Arnaiz S.J. |
| 260 |
_aSanto Domingo : _bBúho, _c2008. |
||
| 300 |
_a178 p. ; _c23 cm. |
||
| 500 | _aIncluye índice | ||
| 590 | _aLa biblioteca posee 3 ejemplares autografiados por el autor | ||
| 590 | _aInventariado, 2018/BT | ||
| 650 | 0 |
_aMeditaciones _95988 |
|
| 650 | 4 |
_aLiteratura religiosa _93200 |
|
| 700 | 1 |
_aArnaiz, José Francisco, _epról. _96505 |
|
| 910 | _aJornada de catalogación | ||
| 999 |
_c1876 _d1876 |
||